00606nam a2200157Ia 4500008004100000020001400041040004400055050001500099245012300114260003800237300002100275500005000296650002200346700006300368999001700431 1991 gf a 1 a dd a471920509 aAhmadu Bello University Library - Zaria aRC 280.U74 0aUrological, oncology: dilemmas and developmentscedited by A.R. Alderson, R.T.D. Oliver, I.W.F. Hanham & H.J.G. Bloom. aChichesterbJohn wiley& sonc1991 axvi, 357p.: ill. aIncludes bibliographical references and index aInternal medicine aAlderson, A.R.;Oliver, R.T.D.;Hanham, I.W.F.;Bloom, H.J.G. c46935d46935